Nixon, a life

Đã lưu trong:
書目詳細資料
主要作者: Aitken, Jonathan
格式: 圖書
語言:Undetermined
出版: Washington Distributed to the trade by National Book Network 1993
主題:
標簽: 添加標簽
沒有標簽, 成為第一個標記此記錄!
Thư viện lưu trữ: Trung tâm Học liệu Trường Đại học Cần Thơ
LEADER 00552nam a2200205Ia 4500
001 CTU_88707
008 210402s9999 xx 000 0 und d
082 |a 973.924 
082 |b A311 
100 |a Aitken, Jonathan 
245 0 |a Nixon, a life 
245 0 |c Jonathan Aitken 
260 |a Washington 
260 |b Distributed to the trade by National Book Network 
260 |c 1993 
650 |a Presidents 
650 |x Biography 
650 |z United States 
904 |i Bằng,Hải 
980 |a Trung tâm Học liệu Trường Đại học Cần Thơ